| 000 | 00466nam a2200193Ia 4500 | ||
|---|---|---|---|
| 005 | 20230913093825.0 | ||
| 008 | 131103s9999 xx 000 0 und d | ||
| 020 | _a380789949 | ||
| 040 | _aLoreto College | ||
| 041 | _aEnglish | ||
| 082 |
_aF _bLOW |
||
| 100 | _aLowell,Elizabeth | ||
| 245 |
_aThis time love _cElizabeth Lowell |
||
| 260 |
_aNew York _bAvon Books _c2002 |
||
| 300 | _a373 p. | ||
| 650 | _aFiction in English | ||
| 850 | _aLCLIB | ||
| 942 | _cBK | ||
| 999 |
_c15773 _d66252 |
||